№ 10 (682); Нефтепромысловое дело

Бібліографічні деталі
Parent link:Нефтепромысловое дело=Oilfield Engineering: научно-технический журнал/ Российский государственный университет нефти и газа им. И. М. Губкина. № 10 (682).— .— Москва: Изд-во РГУ нефти и газа им. И. М. Губкина, 1965-.— 0207-2351
Резюме:Текстовый файл
AM_Agreement
Мова:Російська
Опубліковано: 2025
Онлайн доступ:https://www.elibrary.ru/contents.asp?id=82995040
Формат: MixedMaterials Електронний ресурс Книга
KOHA link:https://koha.lib.tpu.ru/cgi-bin/koha/opac-detail.pl?biblionumber=683951

MARC

LEADER 00000nam2a2200000 4500
001 683951
005 20251223111243.0
090 |a 683951 
100 |a 20251223d2025 k||y0rusy50 ca 
101 0 |a rus 
102 |a RU 
105 |a a z 001yy 
135 |a drcn ---uucaa 
181 0 |a i   |b  e  
182 0 |a b 
183 0 |a cr  |2 RDAcarrier 
200 0 |a № 10 (682) 
203 |a Текст  |c электронный  |b визуальный 
210 |d 2025 
283 |a online_resource  |2 RDAcarrier 
320 |a Библиография в конце статей 
336 |a Текстовый файл 
371 0 |a AM_Agreement 
461 1 |0 403014  |9 403014  |t Нефтепромысловое дело  |l Oilfield Engineering  |o научно-технический журнал  |f Российский государственный университет нефти и газа им. И. М. Губкина  |c Москва  |n Изд-во РГУ нефти и газа им. И. М. Губкина  |d 1965-  |v № 10 (682)  |x 0207-2351 
801 0 |a RU  |b 63413507  |c 20251223  |g PSBO 
850 |a 63413507 
856 4 0 |u https://www.elibrary.ru/contents.asp?id=82995040  |z https://www.elibrary.ru/contents.asp?id=82995040 
942 |c CF